Parc Naturel du Montseny : réserve de biosphère réserve de biosphère
Publicado:
[Barcelona] :
Diputació de Girona : Diputació de Barcelona. Àrea d'Espais Naturals ,
2001
Descripción Física:
1 f. plegat en 6 parts : il. col. ; 22 cm pleg., 44 x 33 cm despleg.
Otros Autores:
Girona. Diputació
MARC
| LEADER | 00000nam a2200000Ia 4500 | ||
|---|---|---|---|
| 001 | 19345 | ||
| 008 | 160829s2001 xx 000 0 cat d | ||
| 080 | |a FU-4-16 | ||
| 245 | |a Parc Naturel du Montseny : |b réserve de biosphère | ||
| 260 | |a [Barcelona] : |b Diputació de Girona : |b Diputació de Barcelona. Àrea d'Espais Naturals, |c 2001 | ||
| 300 | |a 1 f. plegat en 6 parts : |b il. col. ; |c 22 cm pleg., 44 x 33 cm despleg. | ||
| 590 | |a Conté un mapa del parc. | ||
| 590 | |a Hi ha un exemplar en català amb R. 19344 i alemany amb R. 19346 | ||
| 610 | 0 | |a Parc Natural del Montseny (Catalunya) |9 10461 | |
| 610 | 0 | |a Parc Natural del Montseny (Catalunya) |v Guies |9 52680 | |
| 700 | |a Girona. Diputació | ||
| 710 | |a Barcelona (Catalunya : Província). |b Àrea d'Espais Naturals |9 9050 | ||
| 901 | |a Arxiu | ||
| 942 | |n 1 | ||
| 952 | |0 0 |1 0 |4 0 |6 FU416 |7 1 |9 53214 |a Arxiu |b Arxiu |d 2016-12-01 |l 0 |o FU-4-16 |p 19345 |r 2016-12-01 00:00:00 |w 2016-12-01 |y ARXIU | ||
| 999 | |c 57063 |d 57063 | ||